Arches : welkom bij Arches /

Bibliographic Details
Uniform Title:Arches visitor guide.
Format: Government Document eBook
Language:Dutch
Published: [Washington, D.C.] : National Park Service, 2017.
Subjects:
Online Access:https://purl.fdlp.gov/GPO/gpo93265

MARC

Tag First Indicator Second Indicator Subfields
LEADER 00000nam a2200000 i 4500
001 in00004022321
005 20180723095138.0
006 m o d f
007 cr bn|||||||||
008 180611s2017 dcuab o f000 0 dut c
035 |a (OCoLC)on1039725305 
042 |a pcc 
043 |a n-us-ut 
040 |a GPO  |b eng  |e rda  |e pn  |c GPO  |d MvI 
041 1 |a dut  |h eng 
049 |a WWW 
074 |a 0651 (online) 
086 0 |a I 29.6:AR 2/2/DUTCH 
130 0 |a Arches visitor guide.  |l Dutch. 
245 1 0 |a Arches :  |b welkom bij Arches /  |c National Park Service, U.S. Department of the Interior, Arches National Park. 
264 1 |a [Washington, D.C.] :  |b National Park Service,  |c 2017. 
300 |a 1 online resource (4 unnumbered pages) :  |b illustrations, map 
336 |a text  |b txt  |2 rdacontent 
337 |a computer  |b c  |2 rdamedia 
338 |a online resource  |b cr  |2 rdacarrier 
500 |a "2m 03/17." 
588 |a Description based on online resource; title from PDF title page (NPS, viewed June 11, 2018). 
651 0 |a Arches National Park (Utah) 
650 0 |a Outdoor recreation  |z Utah  |z Arches National Park. 
710 2 |a Arches National Park (Agency : U.S.),  |e issuing body. 
856 4 0 |u https://purl.fdlp.gov/GPO/gpo93265  |t 0 
999 f f |s 234ea975-990c-3042-983f-8c846d0426e3  |i c6adeadf-0019-3e77-9597-84f07181248c  |t 0 
952 f f |a Texas A&M University  |b College Station  |c Electronic Resources  |d Available Online  |t 0  |e I 29.6:AR 2/2/DUTCH  |h Superintendent of Documents classification 
998 f f |a I 29.6:AR 2/2/DUTCH  |t 0  |l Available Online